| 000 | 00363nam a2200133Ia 4500 | ||
|---|---|---|---|
| 008 | 240624s9999 xx 000 0 und d | ||
| 041 | _aeng | ||
| 082 | _a658.45 SIM | ||
| 100 | _aSIMMONS ANNETTE | ||
| 245 | _aWHOEVER TELLS THE BEST STORY WINS HOW TO USE YOUR OWN ST | ||
| 260 |
_c2007 _aNew York _bAMACOM Books |
||
| 300 | _a226 : p. : cm. ; 28 | ||
| 365 |
_c _b25 |
||
| 999 |
_c19490 _d19490 |
||